000 00819nam a2200205Ia 4500
003 GCL
008 140319s9999 xx 000 0 ara d
040 _aGCL /
_cGCL
082 0 4 _a891.7
_bد د
100 1 _aسامى الدروبى
245 1 0 _aدوستويفسكى :
_bالاعمال الادبية الكاملة المجلد 1 - الفقراء - المثل - قلب ضعيف /
_cسامى الدروبى
700 1 _aدوستويفسكى، فيودور
260 _aبيروت :
_bدار ابن رشد للطباعة والنشر ،
_c1985
300 _aمتعدد ؛
_c24 سم
490 _aالاعمال الادبية الكاملة
_v0
650 0 4 _aالقصص الروسية المترجمة
650 0 4 _aالادب الروسى المترجم
650 0 4 _aدوستويفسكى
942 _2ddc
_cBK
999 _c36406
_d36406